| 000 | 00614nam a2200253Ia 4500 | ||
|---|---|---|---|
| 003 | OSt | ||
| 005 | 20250627094535.0 | ||
| 008 | 210423s2005 xx 000 0 und d | ||
| 020 | _a415256100 | ||
| 040 | _cAL | ||
| 041 | _aeng | ||
| 082 |
_a070.1 _223 _bBRAM |
||
| 100 |
_aGill Branston _979839 |
||
| 245 | _aMedia student's book | ||
| 250 | _a3 | ||
| 260 |
_aNew Delhi _bRegal Publications _c2005 |
||
| 300 |
_axvii,536 _bHB |
||
| 365 | _cINR | ||
| 650 |
_aGeneral _979840 |
||
| 650 |
_aMass Media _979841 |
||
| 700 |
_aStafford, Roy _9216240 |
||
| 906 | _abook. ; Media ; students | ||
| 942 |
_2ddc _cBK |
||
| 999 |
_c156451 _d156451 |
||